Principles of geometry /

Guardado en:
Autor Principal: Baker, H. F. 1866-1956.
Formato: Libro
Idioma:English
Publicado: Cambridge : University Press, 1922-
Materias:
Etiquetas: Agregar Etiqueta
Sin Etiquetas, Sea el primero en etiquetar este registro!
LEADER 01192cam a22002051a 4500
001 MAT.inmabb006324
008 750103s1922####enk###########000#0#eng##
005 20160823131454.0
245 0 0 |a Principles of geometry /  |c by H. F. Baker. 
260 |a Cambridge :  |b University Press,  |c 1922- 
300 |a 6 v. :  |b fronts., diagrs. ;  |c 23 cm. 
504 |a Bibliography; vol. I, p. [176]-182; vol. II., p. 235-[237] 
505 0 |a I. Foundations. -- II. Plane geometry, conics, circles, non-Euclidean geometry. -- III. Solid geometry, quadrics, cubic curves in space, cubic surfaces. -- IV. Higher geometry; being illustrations of the utility of the consideration of higher space, especially of four and five dimensions. -- V. Analytical principles of the theory of curves. -- VI. Introduction to the theory of algebraic surfaces and higher loci. 
500 |a La biblioteca solo posee los vols. I, II y IV.  |5 AR-BbIMB. 
100 1 |a Baker, H. F.  |q (Henry Frederick),  |d 1866-1956. 
650 0 |a Geometry. 
084 |a 51-01 (51-03)  |2 msc2000 
859 |h 51  |i B167  |p A-2188  |v 1  |3 Vol. I  |b BIB. MATEMATICA 
859 |h 51  |i B167  |p A-2189  |v 2  |3 Vol. II  |b BIB. MATEMATICA 
859 |h 51  |i B167  |p A-2190  |v 4  |3 Vol. IV  |b BIB. MATEMATICA